Statistics for Footballers by Career - Everton

Click here to take the quiz!

General Stats

  • This quiz has been taken 64 times
  • The average score is 8 of 10

Answer Stats

Player% Correct
Tim Cahill
98%
Gylfi Sygurdsson
95%
Marouane Fellaini
95%
Tim Howard
88%
Phil Jagielka
82%
Steven Pienaar
70%
Duncan Ferguson
67%
Yakubu Ayegbeni
60%
Joleon Lescott
55%
Neville Southall
55%

Score Distribution

Percentile by Number Answered

Percent of People with Each Score

Your Score History

You have not taken this quiz